000 00687nam a22002177a 4500
001 000030800
003 DO-SdBNP
005 20220915150523.0
007 ta
008 110530s1929 dr 000 0 spa d
040 _aDO-SdBNP
_bspa
_cBNPHU
082 _axxx
_bR969m
100 1 _aRusso, Giuseppe
_922106
245 1 3 _aLa miel en la alimentacion y en la medicina /
_cGiuseppe Russo.
260 _aSanto Domingo :
_bSecretaría de Estado de Agricultura y Comercio,
_c1929.
300 _a8 p. ;
_c23.
500 _aEl Dr. Russo es jefe del laboratorio de Entomología, Estación Nacional Agronómica.
590 _aInventariado, 2022/ YL
910 _aYLockward
942 _2ddc
_cLF2
999 _c30292
_d30292